Hry do kapsy. sociálně psychologické, motorické a kreativní hry / III :
Uložené v:
| Hlavní autori: | , |
|---|---|
| Ďalší autori: | |
| Médium: | Kniha |
| Jazyk: | Czech |
| Vydané: |
Praha :
Portál,
2003
|
| Vydanie: | Vyd. 1. |
| Témy: | |
| ISBN: |
8071788171 (brož.) |
| Fyzický popis: |
[96] s. : il. ; 15 cm |
| Tagy: |
Pridať tag
Žiadne tagy, Buďte prvý kto otaguje tento záznam!
|
Titul je dostupný aj v ... 

MARC
| LEADER | 00000nam a2200000 a 4500 | ||
|---|---|---|---|
| 001 | 000017021 | ||
| 005 | 20060112114005.0 | ||
| 008 | 051125s2003 xr a e 000 0 czeo | ||
| 020 | |a 8071788171 (brož.) | ||
| 040 | |a SVKKK |b slo |c SVKKK |e AACR2 | ||
| 041 | 0 | |a cze | |
| 044 | |a xr |c CZ | ||
| 072 | 7 | |a 796 |x Šport. Hry. Telesné cvičenia |2 konspekt | |
| 080 | |a 371.382:316.6 |2 1997 | ||
| 080 | |a 796.2 |2 1997 | ||
| 080 | |a 371.382-026.15 |2 1997 | ||
| 080 | |a (035) |2 1997 | ||
| 100 | 1 | |a Hermochová, Soňa, |d 1932- |4 aut | |
| 245 | 1 | 0 | |a Hry do kapsy. |n III : |b sociálně psychologické, motorické a kreativní hry / |c Soňa Hermochová, Jan Neuman ; ilustrace Jan Smolík |
| 250 | |a Vyd. 1. | ||
| 260 | |a Praha : |b Portál, |c 2003 | ||
| 300 | |a [96] s. : |b il. ; |c 15 cm | ||
| 500 | |a Obalový názov | ||
| 650 | 0 | 7 | |a sociálno-psychologické hry |2 SVKKKPH |
| 650 | 0 | 7 | |a pohybové hry |2 SVKKKPH |
| 650 | 0 | 7 | |a tvorivé hry |2 SVKKKPH |
| 655 | 7 | |a príručky |2 SVKKKPH | |
| 700 | 1 | |a Neuman, Jan, |d 1938- |4 aut | |
| 700 | 1 | |a Smolík, Jan, |d 1967- |4 ill | |
| 919 | |a 80-7178-817-1 | ||
| 998 | |a BK | ||
| 090 | |g SCKHL |k Sklad Hlavná 10 prízemie |a I.73962 |j 973359 |i 2720285808 |s Absenčne | ||